| 000 | 00376nam a2200145Ia 4500 | ||
|---|---|---|---|
| 008 | 130318s9999 xx 000 0 und d | ||
| 020 | _a9788177229981 | ||
| 082 | _a005.133C GUP/C | ||
| 100 | _aGupta, Vikas | ||
| 245 | _aComputer concepts and C programming | ||
| 260 |
_bDream Tech _aNew Delhi _c2010 |
||
| 300 | _a570 | ||
| 650 | _aC PROGRAMMING | ||
| 650 | _aCOMPUTER CONCEPTS | ||
| 999 |
_c1946 _d1946 |
||